[Event "Mosty u Jablunkova op 20th"]
[Site "Mosty u Jablunkova"]
[Date "2023.05.27"]
[Round "7"]
[White "Sventek, Anton"]
[Black "Brejnik, Gustav"]
[Result "0-1"]
[WhiteElo "2076"]
[BlackElo "2177"]
[PlyCount "96"]
[EventDate "2023.05.27"]
[EventType "swiss (rapid)"]
[EventRounds "9"]
[EventCountry "CZE"]
[SourceTitle "EXT 2024"]
[Source "ChessBase"]
[SourceDate "2023.10.10"]
[SourceVersion "1"]
[SourceVersionDate "2023.10.10"]
[SourceQuality "1"]

1. e4 c6 2. d3 d5 3. Nd2 e5 4. Ngf3 Bd6 5. g3 Nf6 6. Bg2 0-0 7. 0-0 Re8 8. Re1 a5 9. Nf1 a4 10. Bg5 h6 11. Bd2 Nbd7 12. Nh4 Nc5 13. b4 Na6 14. a3 Bg4 15. f3 Bd7 16. Ne3 g6 17. Ng4 Nxg4 18. fxg4 Kg7 19. Qc1 Rh8 20. h3 c5 21. Rb1 cxb4 22. axb4 Qb6+ 23. Kh2 dxe4 24. Be3 Qc7 25. Bxe4 Nxb4 26. c3 Nc6 27. Rf1 Nd8 28. Qe1 Bc6 29. Qf2 Bxe4 30. dxe4 Qe7 31. c4 Ne6 32. Rbd1 Rad8 33. Rd5 Rhf8 34. Qd2 Ng5 35. Bxg5 hxg5 36. Nf3 f6 37. Rd1 Bb4 38. Qa2 Rxd5 39. Rxd5 a3 40. Qb3 Ra8 41. Qa2 Qe8 42. h4 gxh4 43. Nxh4 Qe6 44. Rb5 Qe7 45. c5 Bxc5 46. Qb3 a2 47. Rxb7 a1Q 48. Rxe7+ Bxe7 0-1

[Event "SVK-chT2C 2223"]
[Site "Slovakia"]
[Date "2022.11.12"]
[Round "3.6"]
[White "Sventek, Anton"]
[Black "Baleja, Marian"]
[Result "0-1"]
[WhiteElo "2018"]
[BlackElo "1926"]
[PlyCount "75"]
[EventDate "2022.10.08"]
[EventType "team-tourn"]
[EventRounds "11"]
[EventCountry "SVK"]
[SourceTitle "EXT 2024"]
[Source "ChessBase"]
[SourceDate "2023.10.10"]
[SourceVersion "1"]
[SourceVersionDate "2023.10.10"]
[SourceQuality "1"]
[WhiteTeam "Cadca Caissa II"]
[BlackTeam "Martin Medea"]
[WhiteTeamCountry "SVK"]
[BlackTeamCountry "SVK"]

1. e4 c5 2. Nc3 Nc6 3. Nf3 g6 4. g3 Bg7 5. Bg2 Nf6 6. 0-0 0-0 7. d3 a6 8. a4 d6 9. h3 Bd7 10. Be3 Qc7 11. Nh4 Nb4 12. f4 Bc6 13. f5 b6 14. Ne2 Bb7 15. g4 Nd7 16. c3 Nc6 17. Nf4 Nce5 18. g5 b5 19. Qe2 Nb6 20. b3 bxa4 21. bxa4 Bc6 22. a5 Na4 23. Nd5 Bxd5 24. Rxa4 Bc6 25. Ra2 Nd7 26. Qd2 Rab8 27. Bf3 Rb3 28. f6 exf6 29. Bd1 Rb5 30. gxf6 Nxf6 31. c4 Rb4 32. Bh6 Qe7 33. Bxg7 Kxg7 34. Qg5 Qe5 35. Nf5+ Kh8 36. Rg2 Nxe4 37. dxe4 Bxe4 38. Nxd6 0-1

[Event "SVK-chT1E 2122"]
[Site "Slovakia"]
[Date "2022.03.20"]
[Round "7.7"]
[White "Sventek, Anton"]
[Black "Dlabik, Jozef"]
[Result "1-0"]
[WhiteElo "2058"]
[BlackElo "1924"]
[PlyCount "115"]
[EventDate "2022.01.29"]
[EventType "team-tourn"]
[EventRounds "11"]
[EventCountry "SVK"]
[SourceTitle "EXT 2023"]
[Source "ChessBase"]
[SourceDate "2022.10.05"]
[SourceVersion "1"]
[SourceVersionDate "2022.10.05"]
[SourceQuality "1"]
[WhiteTeam "Cadca"]
[BlackTeam "Dunajov Inbest II"]
[WhiteTeamCountry "SVK"]
[BlackTeamCountry "SVK"]

1. e4 e5 2. Nf3 Nc6 3. Bb5 a6 4. Ba4 Nf6 5. 0-0 b5 6. Bb3 Be7 7. Qe2 d6 8. c3 0-0 9. Rd1 Bg4 10. h3 Bh5 11. a4 Na5 12. Bc2 c6 13. d3 Qc7 14. Nbd2 c5 15. Nf1 Bg6 16. Bg5 Nh5 17. g3 Bxg5 18. Nxg5 h6 19. Nf3 Qd7 20. Kh2 f5 21. Nh4 Qf7 22. Rd2 f4 23. Qg4 Bh7 24. axb5 axb5 25. Qd1 fxg3+ 26. fxg3 Kh8 27. Rg2 Nf4 28. Rf2 Qe7 29. Ne3 Ne6 30. Rxf8+ Qxf8 31. Qe2 Ra7 32. Kg2 Qf6 33. Qg4 Rf7 34. Rf1 Qe7 35. Nef5 Qd7 36. b4 Nc6 37. Bb3 Ncd8 38. Ra1 Rf6 39. Ra8 Ng5 40. Nxh6 Qe7 41. N4f5 Qf8 42. Rxd8 Qxd8 43. Qxg5 Qf8 44. Ng4 Rg6 45. Qe7 Qxe7 46. Nxe7 Rg5 47. Kf3 cxb4 48. cxb4 Rh5 49. h4 g5 50. Nf6 Rh6 51. hxg5 Rh1 52. Kg4 Kg7 53. Nf5+ Bxf5+ 54. exf5 Rb1 55. Be6 Rxb4+ 56. Ne4 Rd4 57. f6+ Kf8 58. g6 1-0

[Event "SVK-chT1E 2122"]
[Site "Slovakia"]
[Date "2022.03.19"]
[Round "6.7"]
[White "Frolo, Miroslav"]
[Black "Sventek, Anton"]
[Result "1/2-1/2"]
[WhiteElo "1955"]
[BlackElo "2058"]
[PlyCount "47"]
[EventDate "2022.01.29"]
[EventType "team-tourn"]
[EventRounds "11"]
[EventCountry "SVK"]
[SourceTitle "EXT 2023"]
[Source "ChessBase"]
[SourceDate "2022.10.05"]
[SourceVersion "1"]
[SourceVersionDate "2022.10.05"]
[SourceQuality "1"]
[WhiteTeam "Dunajov Inbest"]
[BlackTeam "Cadca"]
[WhiteTeamCountry "SVK"]
[BlackTeamCountry "SVK"]

1. d4 e6 2. c4 d5 3. Nc3 c6 4. Nf3 f5 5. Bf4 Nf6 6. e3 Bd6 7. Bxd6 Qxd6 8. c5 Qe7 9. Ne5 0-0 10. Be2 Nbd7 11. Nxd7 Bxd7 12. f4 b6 13. b4 a5 14. a3 Rfb8 15. 0-0 Be8 16. Qc2 Bh5 17. Bxh5 Nxh5 18. Na4 b5 19. Nb6 Ra7 20. a4 axb4 21. axb5 cxb5 22. Qe2 Nf6 23. Qxb5 Ng4 24. Qd3 1/2-1/2

[Event "SVK-chT1E 2122"]
[Site "Slovakia"]
[Date "2022.01.29"]
[Round "1.8"]
[White "Lovcican, Tomas"]
[Black "Sventek, Anton"]
[Result "0-1"]
[WhiteElo "1989"]
[BlackElo "2058"]
[PlyCount "86"]
[EventDate "2022.01.29"]
[EventType "team-tourn"]
[EventRounds "11"]
[EventCountry "SVK"]
[SourceTitle "EXT 2023"]
[Source "ChessBase"]
[SourceDate "2022.10.05"]
[SourceVersion "1"]
[SourceVersionDate "2022.10.05"]
[SourceQuality "1"]
[WhiteTeam "Banska Bystrica Junior"]
[BlackTeam "Cadca"]
[WhiteTeamCountry "SVK"]
[BlackTeamCountry "SVK"]

1. e4 e6 2. d4 d5 3. Nd2 Nf6 4. e5 Nfd7 5. Bd3 c5 6. c3 Nc6 7. Ndf3 cxd4 8. cxd4 f6 9. exf6 Nxf6 10. Ne2 Bd6 11. 0-0 0-0 12. Bd2 Nh5 13. Ng5 g6 14. Be3 Qc7 15. Ng3 Nf4 16. Bc2 Qg7 17. Re1 Rf6 18. Rc1 Bd7 19. Bb3 Raf8 20. N3e4 dxe4 21. Nxe4 Bb4 22. Nxf6+ Qxf6 23. Rf1 Nd5 24. Qg4 Rf7 25. a3 Bd6 26. Ba2 h5 27. Qe2 Kg7 28. Qd2 Qh4 29. g3 Qh3 30. Bh6+ Kh7 31. Bb1 Nce7 32. Bg5 h4 33. Bxh4 Bf4 34. gxf4 Nxf4 35. Be4 Qxh4 36. Qe3 Nf5 37. Bxf5 gxf5 38. Kh1 Bc6+ 39. f3 Qg4 40. Rf2 Rg7 41. h3 Nxh3 42. Rcf1 Nxf2+ 43. Qxf2 Qh3+ 0-1

[Event "SVK-chT1E 1920"]
[Site "Slovakia"]
[Date "2020.01.25"]
[Round "7.8"]
[White "Bielik, Jakub"]
[Black "Sventek, Anton"]
[Result "0-1"]
[WhiteElo "1998"]
[BlackElo "2047"]
[PlyCount "76"]
[EventDate "2019.10.12"]
[EventType "team-tourn"]
[EventRounds "11"]
[EventCountry "SVK"]
[SourceTitle "CBM 194 Extra"]
[Source "ChessBase"]
[SourceDate "2020.03.31"]
[SourceVersion "1"]
[SourceVersionDate "2020.03.31"]
[SourceQuality "1"]
[WhiteTeam "Dunajov Inbest II"]
[BlackTeam "Cadca"]
[WhiteTeamCountry "SVK"]
[BlackTeamCountry "SVK"]

1. e4 e6 2. d3 c5 3. Nc3 Nc6 4. g3 Nf6 5. Bg2 d6 6. Nh3 e5 7. Bg5 Be7 8. 0-0 h6 9. Bxf6 Bxf6 10. f4 0-0 11. f5 Ne7 12. Nf2 b5 13. Ng4 b4 14. Nxf6+ gxf6 15. Qg4+ Kh7 16. Nd1 Rg8 17. Qh4 Rg5 18. Ne3 Ba6 19. Kh1 Rb8 20. Rf3 Bb7 21. g4 Qg8 22. Rh3 Qg7 23. Bf3 Rd8 24. Qf2 d5 25. Rg3 dxe4 26. dxe4 Qf8 27. Rag1 Rd4 28. h4 Rg8 29. Qg2 Qd8 30. Nf1 Qa8 31. Nd2 Rgd8 32. Rd1 c4 33. g5 Nxf5 34. exf5 Bxf3 35. Rxf3 Rxd2 36. g6+ Kg7 37. Rxd2 Rxd2 38. Rf2 Qxg2+ 0-1

[Event "SVK-chT1E 1920"]
[Site "Slovakia"]
[Date "2019.12.07"]
[Round "5.8"]
[White "Sventek, Anton"]
[Black "Taragelova, Martina"]
[Result "1-0"]
[WhiteElo "2037"]
[BlackElo "1938"]
[PlyCount "145"]
[EventDate "2019.10.12"]
[EventType "team-tourn"]
[EventRounds "11"]
[EventCountry "SVK"]
[SourceTitle "CBM 194 Extra"]
[Source "ChessBase"]
[SourceDate "2020.03.31"]
[SourceVersion "1"]
[SourceVersionDate "2020.03.31"]
[SourceQuality "1"]
[WhiteTeam "Cadca"]
[BlackTeam "Liptov Chess School II"]
[WhiteTeamCountry "SVK"]
[BlackTeamCountry "SVK"]

1. e4 e5 2. Nf3 Nc6 3. Bb5 a6 4. Ba4 Nf6 5. 0-0 Be7 6. Qe2 b5 7. Bb3 0-0 8. c3 Bb7 9. Rd1 d5 10. d3 d4 11. Nbd2 Qd6 12. Nf1 Rad8 13. Ng3 Bc8 14. cxd4 Nxd4 15. Nxd4 Qxd4 16. Be3 Qd6 17. Rac1 Be6 18. Qc2 Ne8 19. d4 Bxb3 20. Qxb3 exd4 21. Rxd4 Qf6 22. Nf5 Bd6 23. Rd5 Qe6 24. Bg5 f6 25. Be3 Rf7 26. f3 Ra8 27. h4 Rd8 28. h5 Kh8 29. Nd4 Qd7 30. Nf5 Qe6 31. a4 bxa4 32. Qxa4 Ra8 33. Kf1 Be5 34. Rc6 Qc8 35. b4 Rd7 36. Qb3 Rxd5 37. Qxd5 Qd8 38. Qxd8 Rxd8 39. Rxa6 Nd6 40. Nxd6 Bxd6 41. Bc5 Bf4 42. Ra2 Kg8 43. Kf2 Kf7 44. g3 Rd2+ 45. Rxd2 Bxd2 46. b5 g5 47. hxg6+ hxg6 48. Ke2 Bc3 49. Kd3 Be1 50. g4 g5 51. Kc4 Ke6 52. Bd4 Bg3 53. Kc5 Bd6+ 54. Kc6 Bf4 55. Ba7 Ke7 56. Bb8 Kd8 57. Ba7 Ke7 58. Bb8 Kd8 59. b6 cxb6 60. Bxf4 gxf4 61. Kxb6 Kd7 62. Kc5 Ke6 63. Kd4 Kd6 64. e5+ fxe5+ 65. Ke4 Ke6 66. g5 Kd6 67. Kf5 Kd5 68. g6 Kd4 69. g7 e4 70. Kxf4 e3 71. g8Q e2 72. Qe6 Kd3 73. Qxe2+ 1-0

[Event "SVK-chT2C 1819"]
[Site "Slovakia"]
[Date "2019.02.03"]
[Round "7.8"]
[White "Mydliar, Jan"]
[Black "Sventek, Anton"]
[Result "1/2-1/2"]
[WhiteElo "1817"]
[BlackElo "2040"]
[PlyCount "83"]
[EventDate "2018.10.13"]
[EventType "team-tourn"]
[EventRounds "11"]
[EventCountry "SVK"]
[SourceTitle "CBM 189 Extra"]
[Source "ChessBase"]
[SourceDate "2019.06.03"]
[SourceVersion "1"]
[SourceVersionDate "2019.06.03"]
[SourceQuality "1"]
[WhiteTeam "Ruzomberok Montana"]
[BlackTeam "Cadca Caissa"]
[WhiteTeamCountry "SVK"]
[BlackTeamCountry "SVK"]

1. e4 e6 2. d4 d5 3. e5 c5 4. c3 Nc6 5. Nf3 Bd7 6. Be2 Nge7 7. Na3 Nf5 8. Nc2 Be7 9. 0-0 cxd4 10. cxd4 0-0 11. Bd3 h6 12. Re1 Rc8 13. b3 Qb6 14. Bxf5 exf5 15. Ba3 Bxa3 16. Nxa3 Nb4 17. Re2 Qa5 18. Nc2 f4 19. Nxb4 Qxb4 20. Qd2 Qb5 21. Ree1 g5 22. Rec1 Bf5 23. Rxc8 Rxc8 24. Rc1 Rc6 25. Rxc6 Qxc6 26. h3 Be4 27. Nh2 h5 28. f3 Bg6 29. h4 gxh4 30. Qxf4 Qc2 31. Qxh4 Qxa2 32. Qd8+ Kg7 33. Qxd5 Qe2 34. Qc4 Qe3+ 35. Kh1 Bd3 36. Qc3 Qe2 37. Qc1 h4 38. Qg5+ Bg6 39. Qf6+ Kg8 40. Qd8+ Kg7 41. Qf6+ Kg8 42. Qd8+ 1/2-1/2

[Event "SVK-chT2C 1819"]
[Site "Slovakia"]
[Date "2018.11.18"]
[Round "4.5"]
[White "Sventek, Anton"]
[Black "Zolcer, Jozef"]
[Result "1-0"]
[WhiteElo "2043"]
[BlackElo "1796"]
[PlyCount "61"]
[EventDate "2018.10.13"]
[EventType "team-tourn"]
[EventRounds "11"]
[EventCountry "SVK"]
[SourceTitle "CBM 187 Extra"]
[Source "ChessBase"]
[SourceDate "2018.11.04"]
[SourceVersion "1"]
[SourceVersionDate "2018.11.04"]
[SourceQuality "1"]
[WhiteTeam "Cadca Caissa"]
[BlackTeam "Vinica"]
[WhiteTeamCountry "SVK"]
[BlackTeamCountry "SVK"]

1. e4 c5 2. Nc3 d6 3. g3 Nc6 4. Bg2 Nf6 5. d3 e6 6. Nf3 a6 7. a4 Be7 8. 0-0 0-0 9. Bd2 Bd7 10. h3 Qc7 11. Nh4 Rac8 12. f4 Nd4 13. Be3 b5 14. axb5 axb5 15. Bf2 b4 16. Ne2 Nb5 17. g4 Bc6 18. f5 e5 19. Qd2 d5 20. g5 Nd7 21. exd5 Bb7 22. f6 gxf6 23. Nf5 Bd8 24. Bh4 fxg5 25. Bxg5 f6 26. Bh4 Nb6 27. c4 bxc3 28. Nxc3 Nxc3 29. bxc3 Bxd5 30. Bxd5+ Nxd5 31. Qg2+ 1-0

[Event "SVK-chT2C 1718"]
[Site "Slovakia"]
[Date "2018.01.13"]
[Round "5.4"]
[White "Sventek, Anton"]
[Black "Magat, Jozef"]
[Result "0-1"]
[WhiteElo "2038"]
[BlackElo "2104"]
[PlyCount "96"]
[EventDate "2017.10.28"]
[EventType "team-tourn"]
[EventRounds "11"]
[EventCountry "SVK"]
[SourceTitle "EXT 2019"]
[Source "ChessBase"]
[SourceDate "2018.10.10"]
[SourceVersion "1"]
[SourceVersionDate "2018.10.10"]
[SourceQuality "1"]
[WhiteTeam "Cadca Caissa"]
[BlackTeam "Dunajov Inbest II"]
[WhiteTeamCountry "SVK"]
[BlackTeamCountry "SVK"]

1. e4 c6 2. Nc3 d5 3. Nf3 Bg4 4. h3 Bxf3 5. Qxf3 Nf6 6. d3 e6 7. Qg3 Bb4 8. e5 Nh5 9. Qg4 Bxc3+ 10. bxc3 g6 11. Bh6 Qa5 12. Qb4 Qxb4 13. cxb4 Rg8 14. g4 Ng7 15. d4 Kd8 16. Rb1 Kc7 17. f4 Nd7 18. a4 a5 19. b5 Nb6 20. Ra1 Rad8 21. Bd3 Nc4 22. bxc6 Kxc6 23. Rb1 Ne8 24. Bg5 Rd7 25. h4 Nc7 26. h5 b5 27. hxg6 hxg6 28. c3 Rb8 29. Ke2 Na6 30. Rxb5 Rxb5 31. axb5+ Kxb5 32. f5 gxf5 33. gxf5 a4 34. Rh7 Kc6 35. Bc1 Nc7 36. Bc2 Nb6 37. Ba3 Nb5 38. Bc5 a3 39. Bxb6 a2 40. Rh1 Nxc3+ 41. Kd3 Nb1 42. Rxb1 axb1Q 43. Bxb1 Kxb6 44. f6 Rc7 45. Bc2 Rxc2 46. Kxc2 Ka5 47. Kb3 Kb5 48. Kc3 Ka4 0-1

[Event "SVK-chT2C 1617"]
[Site "Slovakia"]
[Date "2017.03.11"]
[Round "10.3"]
[White "Pal, Peter"]
[Black "Sventek, Anton"]
[Result "1/2-1/2"]
[WhiteElo "2115"]
[BlackElo "2059"]
[PlyCount "33"]
[EventDate "2016.10.08"]
[EventType "team-tourn"]
[EventRounds "11"]
[EventCountry "SVK"]
[SourceTitle "EXT 2018"]
[Source "ChessBase"]
[SourceDate "2017.10.13"]
[SourceVersion "1"]
[SourceVersionDate "2017.10.13"]
[SourceQuality "1"]
[WhiteTeam "Filakovo"]
[BlackTeam "Cadca Caissa"]
[WhiteTeamCountry "SVK"]
[BlackTeamCountry "SVK"]

1. Nf3 e6 2. d4 f5 3. g3 Nf6 4. Bg2 d5 5. 0-0 c6 6. Ne5 Bd6 7. Nd3 0-0 8. c3 b6 9. Bf4 Ba6 10. Bxd6 Qxd6 11. Nd2 Nbd7 12. Nf3 Ng4 13. h3 Ngf6 14. Nfe5 Bxd3 15. Nxd3 Ne4 16. Rc1 Rae8 17. Kh2 1/2-1/2

[Event "SVK-chT2C 1617"]
[Site "Slovakia"]
[Date "2017.02.12"]
[Round "9.2"]
[White "Hros, Roman"]
[Black "Sventek, Anton"]
[Result "1-0"]
[WhiteElo "2181"]
[BlackElo "2059"]
[PlyCount "89"]
[EventDate "2016.10.08"]
[EventType "team-tourn"]
[EventRounds "11"]
[EventCountry "SVK"]
[SourceTitle "EXT 2018"]
[Source "ChessBase"]
[SourceDate "2017.10.13"]
[SourceVersion "1"]
[SourceVersionDate "2017.10.13"]
[SourceQuality "1"]
[WhiteTeam "Liptov Chess School III"]
[BlackTeam "Cadca Caissa"]
[WhiteTeamCountry "SVK"]
[BlackTeamCountry "SVK"]

1. Nf3 e6 2. c4 f5 3. g3 Nf6 4. Bg2 c6 5. 0-0 d5 6. d3 Be7 7. Nbd2 0-0 8. b3 Bd7 9. Bb2 Be8 10. Qc2 Bh5 11. Rfe1 Qb6 12. e3 h6 13. Rac1 Na6 14. Ne5 g5 15. Bf3 Be8 16. a3 Nb8 17. e4 dxe4 18. dxe4 f4 19. c5 Qc7 20. gxf4 gxf4 21. Kh1 Nh5 22. Rg1+ Kh7 23. Rg2 Bf6 24. Ndc4 Na6 25. Rcg1 Nxc5 26. Ng6 Bxg6 27. Rxg6 Bxb2 28. Nxb2 Ng3+ 29. hxg3 Kxg6 30. Qxc5 Rg8 31. gxf4+ Kh7 32. e5 Rxg1+ 33. Kxg1 Qg7+ 34. Kf1 Qg6 35. Qe7+ Kg8 36. Qxb7 Rd8 37. Qxc6 Qb1+ 38. Kg2 Kh8 39. Qxe6 Rg8+ 40. Bg4 Rg6 41. Qc8+ Rg8 42. Qe6 Kh7 43. Kh2 Qxb2 44. Bf5+ Kg7 45. Qf6# 1-0

[Event "SVK-chT2C 1617"]
[Site "Slovakia"]
[Date "2017.02.11"]
[Round "8.2"]
[White "Sventek, Anton"]
[Black "Petrovsky, Jan"]
[Result "1-0"]
[WhiteElo "2059"]
[BlackElo "1980"]
[PlyCount "72"]
[EventDate "2016.10.08"]
[EventType "team-tourn"]
[EventRounds "11"]
[EventCountry "SVK"]
[SourceTitle "EXT 2018"]
[Source "ChessBase"]
[SourceDate "2017.10.13"]
[SourceVersion "1"]
[SourceVersionDate "2017.10.13"]
[SourceQuality "1"]
[WhiteTeam "Cadca Caissa"]
[BlackTeam "Podbrezova ZP Sport"]
[WhiteTeamCountry "SVK"]
[BlackTeamCountry "SVK"]

1. e4 e5 2. Nf3 Nc6 3. Bb5 a6 4. Ba4 Nf6 5. 0-0 Bc5 6. c3 b5 7. Bb3 0-0 8. d4 Bd6 9. Re1 h6 10. Bd5 Qe8 11. Nbd2 Bb7 12. a4 bxa4 13. Nc4 Nxd5 14. exd5 Ne7 15. dxe5 Bc5 16. Be3 Bxd5 17. Bxc5 Bxc4 18. Qxa4 Bd5 19. Qa3 Ng6 20. Bxf8 Nxf8 21. Qc5 Bxf3 22. gxf3 Ne6 23. Qc4 Qc8 24. f4 Qb7 25. Qe4 Rb8 26. Qxb7 Rxb7 27. f5 Nc5 28. b4 Nd3 29. Re3 Nf4 30. Rxa6 Rb5 31. Ra8+ Kh7 32. Re4 Nh3+ 33. Kg2 Ng5 34. Re3 f6 35. e6 dxe6 36. fxe6 Nxe6 1-0

[Event "SVK-chT2C 1617"]
[Site "Slovakia"]
[Date "2016.12.04"]
[Round "6.3"]
[White "Svana, Peter"]
[Black "Sventek, Anton"]
[Result "1-0"]
[WhiteElo "2268"]
[BlackElo "2059"]
[PlyCount "83"]
[EventDate "2016.10.08"]
[EventType "team-tourn"]
[EventRounds "11"]
[EventCountry "SVK"]
[SourceTitle "EXT 2018"]
[Source "ChessBase"]
[SourceDate "2017.10.13"]
[SourceVersion "1"]
[SourceVersionDate "2017.10.13"]
[SourceQuality "1"]
[WhiteTeam "Zilina Mladost II"]
[BlackTeam "Cadca Caissa"]
[WhiteTeamCountry "SVK"]
[BlackTeamCountry "SVK"]

1. d4 Nf6 2. Nf3 g6 3. Bf4 d6 4. h3 Bg7 5. e3 0-0 6. Nbd2 c5 7. c3 Nbd7 8. Bc4 b6 9. 0-0 Bb7 10. a4 a5 11. Re1 Rc8 12. Qb3 d5 13. Bb5 c4 14. Qd1 Bc6 15. b3 Bxb5 16. axb5 cxb3 17. Qxb3 e6 18. Rec1 Qe7 19. c4 Rfd8 20. Bg5 h6 21. Bh4 g5 22. Bg3 Bf8 23. Ra4 Nh5 24. Bh2 f5 25. Re1 Ndf6 26. Ne5 Qb7 27. Nc6 Rd7 28. cxd5 exd5 29. Nf3 g4 30. hxg4 Nxg4 31. Nfe5 Nxe5 32. dxe5 Rxc6 33. bxc6 Qxc6 34. Rh4 Ng7 35. Bf4 h5 36. Bg5 Ne6 37. Bf6 b5 38. Qb1 Ng7 39. Rc1 Qb7 40. e6 Nxe6 41. Qxf5 Ng7 42. Bxg7 1-0

[Event "SVK-chT2C 1516"]
[Site "Slovakia"]
[Date "2015.11.08"]
[Round "4.5"]
[White "Gajdosik, Vladislav"]
[Black "Sventek, Anton"]
[Result "1/2-1/2"]
[WhiteElo "1972"]
[BlackElo "2099"]
[PlyCount "54"]
[EventDate "2015.10.17"]
[EventType "team-tourn"]
[EventRounds "11"]
[EventCountry "SVK"]
[SourceTitle "CBM 169 Extra"]
[Source "ChessBase"]
[SourceDate "2015.12.18"]
[SourceVersion "1"]
[SourceVersionDate "2015.12.18"]
[SourceQuality "1"]
[WhiteTeam "Banska Bystrica Veza"]
[BlackTeam "Cadca Caissa II"]
[WhiteTeamCountry "SVK"]
[BlackTeamCountry "SVK"]

1. d4 e6 2. c4 d5 3. Nc3 c6 4. Nf3 f5 5. e3 Nf6 6. a3 Bd6 7. c5 Bc7 8. b4 a6 9. Ne5 0-0 10. f4 Bd7 11. Be2 Be8 12. 0-0 Nbd7 13. Bb2 Qe7 14. a4 h6 15. g3 Nxe5 16. fxe5 Nd7 17. a5 Bg6 18. Bc1 Bh7 19. Nb1 g5 20. Rf2 Qg7 21. Bd3 Rf7 22. Rg2 Raf8 23. Raa2 Kh8 24. Raf2 Bd8 25. Qc2 g4 26. Nc3 Rg8 27. Ne2 Nf8 1/2-1/2

[Event "SVK-chT2C 1213"]
[Site "Slovakia"]
[Date "2012.12.01"]
[Round "3.3"]
[White "Csolto, Tibor"]
[Black "Sventek, Anton"]
[Result "1/2-1/2"]
[WhiteElo "2109"]
[BlackElo "2098"]
[PlyCount "103"]
[EventDate "2012.10.13"]
[EventType "team-tourn"]
[EventRounds "11"]
[EventCountry "SVK"]
[SourceTitle "EXT 2015"]
[Source "ChessBase"]
[SourceDate "2014.11.20"]
[SourceVersion "1"]
[SourceVersionDate "2014.11.20"]
[SourceQuality "1"]
[WhiteTeam "Jelsava"]
[BlackTeam "Cadca Caissa II"]
[WhiteTeamCountry "SVK"]
[BlackTeamCountry "SVK"]

1. e4 e6 2. d4 d5 3. Nd2 Nf6 4. e5 Nfd7 5. Bd3 c5 6. c3 Nc6 7. Ne2 cxd4 8. cxd4 f6 9. exf6 Nxf6 10. 0-0 Bd6 11. Nf3 0-0 12. Bf4 Bxf4 13. Nxf4 Ne4 14. Ne2 Rxf3 15. gxf3 Ng5 16. Kh1 Qf6 17. f4 Nf3 18. Bxh7+ Kh8 19. Qd3 Ncxd4 20. Nxd4 Nxd4 21. Rg1 Qxf4 22. Qh3 Qf3+ 23. Qxf3 Nxf3 24. Rg3 Kxh7 25. Rxf3 Bd7 26. Re3 Rf8 27. Kg1 Rf6 28. Rae1 Kg6 29. Kg2 a6 30. Rg3+ Kh7 31. Re5 Kg8 32. Reg5 Rf7 33. f3 d4 34. Kf2 Bc6 35. Ke2 Bd5 36. a3 Bc4+ 37. Kd2 b5 38. h4 Kf8 39. Rc5 Re7 40. Rc8+ Kf7 41. Ra8 b4 42. axb4 Rc7 43. Rg5 Rb7 44. b3 Bd5 45. Rxa6 Bxf3 46. b5 Bd5 47. Kd3 Rxb5 48. Ra7+ Kf6 49. Raxg7 Rxb3+ 50. Kxd4 Rb4+ 51. Kc5 Rxh4 52. R7g6+ 1/2-1/2

[Event "SVK-chT2C 1213"]
[Site "Slovakia"]
[Date "2012.10.13"]
[Round "1.4"]
[White "Macko, Michal"]
[Black "Sventek, Anton"]
[Result "1/2-1/2"]
[WhiteElo "2123"]
[BlackElo "2098"]
[PlyCount "57"]
[EventDate "2012.10.13"]
[EventType "team-tourn"]
[EventRounds "11"]
[EventCountry "SVK"]
[SourceTitle "EXT 2015"]
[Source "ChessBase"]
[SourceDate "2014.11.20"]
[SourceVersion "1"]
[SourceVersionDate "2014.11.20"]
[SourceQuality "1"]
[WhiteTeam "Liptov Chess School II"]
[BlackTeam "Cadca Caissa II"]
[WhiteTeamCountry "SVK"]
[BlackTeamCountry "SVK"]

1. e4 e6 2. d4 d5 3. e5 b6 4. Bd3 Qd7 5. Ne2 Ba6 6. 0-0 c5 7. c3 Ne7 8. Kh1 Bxd3 9. Qxd3 Nbc6 10. a3 a5 11. Be3 Nf5 12. g4 Nxe3 13. fxe3 Be7 14. Nf4 g6 15. Qe2 0-0 16. Nd2 f6 17. exf6 Bxf6 18. Qg2 Bg5 19. Qg3 Qd6 20. Rae1 cxd4 21. cxd4 Bxf4 22. Rxf4 Rxf4 23. exf4 Rf8 24. Nf3 Qxf4 25. Qxf4 Rxf4 26. Rxe6 Nxd4 27. Nxd4 Rxd4 28. Rxb6 Rd2 29. Rb5 1/2-1/2

[Event "SVK-chT 0506"]
[Site "Slovakia"]
[Date "2005.12.10"]
[Round "5"]
[White "Sventek, Anton"]
[Black "Csolto, Robert"]
[Result "0-1"]
[WhiteElo "2121"]
[BlackElo "2346"]
[PlyCount "96"]
[EventDate "2005.10.08"]
[EventType "team-tourn"]
[EventRounds "11"]
[EventCountry "SVK"]
[SourceTitle "EXT 2019"]
[Source "ChessBase"]
[SourceDate "2018.10.10"]
[SourceVersion "1"]
[SourceVersionDate "2018.10.10"]
[SourceQuality "1"]
[WhiteTeam "Cadca"]
[BlackTeam "Liptov"]
[WhiteTeamCountry "SVK"]
[BlackTeamCountry "SVK"]

1. e4 c5 2. f4 d5 3. exd5 Qxd5 4. Nc3 Qd6 5. Nf3 Nf6 6. Ne5 a6 7. Bc4 e6 8. Qf3 Ra7 9. b3 b6 10. Bb2 Bb7 11. Qh3 Nc6 12. 0-0-0 Nd4 13. Rhe1 Be7 14. f5 0-0 15. fxe6 fxe6 16. Bd3 b5 17. g4 g6 18. g5 Nh5 19. Nxg6 hxg6 20. Bxg6 Bf3 21. Bxh5 Bxd1 22. Bg6 Bxg5 23. Rxd1 Rg7 24. Ne4 Qe7 25. Qh5 Ne2+ 26. Qxe2 Rxg6 27. Nxg5 Qxg5 28. a3 Qd5 29. Bc3 Rf5 30. Re1 Qf3 31. Be5 Kf7 32. Qe4 Qxe4 33. Rxe4 Rg1+ 34. Kb2 Rg2 35. Kc3 Rff2 36. Rf4+ Kg6 37. Rxf2 Rxf2 38. b4 Kf5 39. Bg3 Rf3+ 40. d3 c4 41. Kd2 cxd3 42. cxd3 Rf1 43. Kc3 e5 44. Kc2 Ke6 45. Kb3 Rf3 46. Kc2 Kd5 47. Kd2 Rf1 48. h4 Ra1 0-1

[Event "SVK-chT 0506"]
[Site "Slovakia"]
[Date "2005.11.13"]
[Round "4"]
[White "Hacik, Radomir"]
[Black "Sventek, Anton"]
[Result "1-0"]
[WhiteElo "2213"]
[BlackElo "2121"]
[PlyCount "113"]
[EventDate "2005.10.08"]
[EventType "team-tourn"]
[EventRounds "11"]
[EventCountry "SVK"]
[SourceTitle "EXT 2019"]
[Source "ChessBase"]
[SourceDate "2018.10.10"]
[SourceVersion "1"]
[SourceVersionDate "2018.10.10"]
[SourceQuality "1"]
[WhiteTeam "Bratislava Slovan"]
[BlackTeam "Cadca"]
[WhiteTeamCountry "SVK"]
[BlackTeamCountry "SVK"]

1. e4 e6 2. d4 d5 3. Nd2 Nf6 4. Bd3 c5 5. c3 Nc6 6. Ngf3 Be7 7. 0-0 cxd4 8. cxd4 0-0 9. e5 Nh5 10. Nb3 g6 11. Bh6 Re8 12. Rc1 Ng7 13. Qd2 Nf5 14. Bf4 Qb6 15. Bb1 Bb4 16. Qd3 Bd7 17. g4 Ng7 18. Ng5 Be7 19. Rfd1 Rf8 20. Qh3 h5 21. Rc3 f6 22. gxh5 gxh5 23. Qd3 Nf5 24. Nf3 Rf7 25. Nc5 Bxc5 26. dxc5 Qb4 27. Qd2 Rg7+ 28. Kh1 d4 29. Rb3 Qxd2 30. Rxd2 Na5 31. Bxf5 Nxb3 32. axb3 exf5 33. Nxd4 Rg4 34. e6 Be8 35. Bd6 b6 36. f3 Rg5 37. h4 Rg7 38. Nxf5 bxc5 39. Nxg7 Kxg7 40. Bxc5 Bc6 41. Kg2 f5 42. Bd4+ Kg6 43. Kg3 Re8 44. Re2 Bd5 45. e7 Kf7 46. Bc5 Bxb3 47. Kf4 Bd5 48. b4 a6 49. Re5 Be6 50. Re1 Kf6 51. Ra1 Bc4 52. Rd1 Bb5 53. Rd5 Ke6 54. Rxf5 Rc8 55. Rxh5 Be8 56. Rh6+ Kd5 57. Rxa6 1-0